[Event "Montreal International Tournament Empre"]
[Site "Montreal"]
[Date "2007.07.20"]
[Round "2"]
[White "Elyanov, Pavel"]
[Black "Bluvshtein, Mark"]
[Result "1/2-1/2"]
[WhiteElo "2701"]
[BlackElo "2520"]
[Annotator "Ëåáåäåâ Âàñèëèé"]
[PlyCount "117"]
[EventDate "2007.07.20"]
[Source "MonRoi"]

1. d4 Nf6 2. c4 e6 3. Nf3 c5 4. d5 exd5 5. cxd5 d6 6. Nc3 g6 7. Nd2 Bg7 8. e4
O-O 9. Be2 Re8 10. O-O Nbd7 11. a4 Ne5 12. Re1 g5 13. Nf1 h6 14. Ng3 Ng6 15. f3
a6 16. Bd2 Nf4 17. Bf1 N6h5 18. Be3 Nxg3 19. hxg3 Nh5 20. Bf2 Bd7 21. g4 Nf4
22. Qc2 Be5 23. g3 Ng6 24. Kg2 Qf6 25. Be2 b5 26. Rh1 bxa4 27. Nxa4 Reb8 28.
Nc3 Rb6 29. Ra2 Bc8 30. Na4 Rb7 31. Bc4 Bd7 32. b3 Bb5 33. Rd1 Bxc4 34. Qxc4
Rb4 35. Qc2 Rab8 36. Rd3 Bd4 37. Bxd4 cxd4 38. Nb2 Ne5 39. Ra3 Kg7 40. Qd1 Nxd3
41. Nxd3 R4b7 42. Qc2 Qd8 43. Nb2 Qb6 44. Nc4 Qb4 {Ïîëîæåíèå áåëûõ, íà ïåðâûé
âçãëÿä, âíóøàåò ñåðü¸çíûå îïàñåíèÿ, íà âòîðîé - êàæåòñÿ ïðîèãðàííûì. Íî òàê
êàê ñäàâàòüñÿ íèêîãäà íå ïîçäíî, è âñåãäà ðàíî, áûëî ñûãðàíî...} 45. e5 $5 {
Ïîìèðàòü, òàê ñ ìóçûêîé!} ({Ïàññèâíàÿ èãðà òóò óæå íå ñïàñàëà -} 45. Qf2 Qc3
46. Nd2 a5 47. Ra4 Rc7 48. Qxd4+ (48. Rxd4 Rb4) 48... Qxd4 49. Rxd4 Rc3 50. Rc4
Rc8 {è ò.ä.}) 45... dxe5 {
Â ïàðå øàãîâ îò ïîáåäû÷¸ðíûå íà÷èíàþò èãðàòü íåòî÷íî.} ({Ñèëüíåå áûëî} 
45... Qc3 $1 46. Qf5 $140 d3 47. Qf6+ Kh7 48. Qf5+ Kg8 49. e6 d2 $19) 46. Qf5
Qe1 47. Nd6 Qe2+ 48. Kh3 Rc7 {Äîëæíî áûëî ïðèâåñòè ê ïîáåäå.} ({
Ðûáêå áîëüøå íðàâèòñÿ} 48... Qf1+ 49. Kh2 Re7 50. Ne4 Rb6 51. Ra2 Qb5 52. d6
Re6 {è ò.ä.}) 49. Ra2 $1 Qf1+ (49... Qxa2 50. Qxe5+ Kg6 ({È ïîñëå} 50... Kh7 {
ïîëó÷àåòñÿ íè÷üÿ, íî äîâîëüíî çàêîâûðèñòûì ïóò¸ì îíà, ýòà íè÷üÿ, äîñòèãàåòñÿ:
} 51. Nf5 Rg8 $8 52. Qxc7 Rg7 53. Qd6 Rg6 54. Qe7 Qa1 $1 (54... Rg7 $4 55. Qf6
$18) 55. Qxf7+ Kh8 56. Kg2 Qb2+ 57. Kf1 Qc1+ 58. Ke2 Qc2+ {è ò.ä.}) 51. Nf5 ({
èëè} 51. Qf5+ Kg7 52. Qe5+) 51... Rg8 52. Qd6+ (52. Qxc7 Qe2) 52... f6 53. Qxc7
Qb1 54. Ne7+ Kf7 55. Nf5+ Kg6 56. Ne7+ Kf7) 50. Kh2 Kg8 $2 ({
Íè÷åãî ñóùåñòâåííîãî íå ïîëó÷àëè ÷¸ðíûå è ïîñëå} 50... f6 {ââèäó} 51. Rc2 $1
Ra7 (51... Re7 52. Ne4 Rf8 53. d6 Ref7 54. Nc5) ({èëè} 51... Rxc2+ 52. Qxc2 Kf8
53. Qc7 {, âûíóæäàÿ ïðîòèâíèêà îáúÿâëÿòü âå÷íûé øàõ:} Qf2+ {è ò.ä.}) 52. Rc6
$1 Rf8 53. Ne8+ Kh8 $1 ({òîæå ïîëó÷àåòñÿ è ïîñëå} 53... Kg8 {
, íî ïðè îòñòóïëåíèè êîðîëÿ â óãîëîê ïðîòèâíèêó ñòàâèòñÿ íåáîëüøàÿ ëîâóøêà})
54. Rxf6 ({íî íå} 54. Nxf6 $2 Qf2+ $1 (54... Raf7 $2 55. Qg6 $11) 55. Kh1 (55.
Kh3 Qg1 $1 $19) 55... Raf7 $1 56. Rc8 Qe1+ 57. Kg2 Qe2+ 58. Kh3 Rxc8 59. Qxc8+
Kg7 60. Nh5+ Kh7 {è ò.ä.}) 54... Qe2+ 55. Kh3 Qf1+ 56. Kh2 Qf2+ {Íè÷üÿ!}) ({
×¸ðíûå çàñëóæåííî ïîáåæäàëè òîëüêî â ñëó÷àå òî÷íîãî} 50... Qe1 $1 51. Ne4
Rc1 $19 {Ïðàâäà, ïîñëå} 52. Qxe5+ {èì ïðèøëîñü áû íàéòè
ïàðî÷êó-òðîå÷êó-÷åòâ¸ðî÷êó íå ñàìûõ ñëîæíûõ, íî åäèíñòâåííûõ õîäîâ:} ({èëè
} 52. Kh3 Rbc8 53. Qxe5+ Kh7 54. Qf5+ Kg8 55. Nf6+ Kg7 {è ò.ä.}) 52... Kh7 $1
53. Nf6+ (53. Qxb8 Qh1#) 53... Kg6 $1 (53... Kg7 54. Nh5+ Kf8 55. Qd6+ Qe7 56.
Qxb8+) 54. Qf5+ Kg7 55. Qh7+ (55. Kh3 Qh1+ 56. Rh2 Qf1+ 57. Rg2 Rxb3) 55... Kf8
$1 ({ïîñëå} 55... Kxf6 $2 56. Rxa6+ Ke7 57. Re6+ $1 {
áåëûå, êàê ìèíèìóì, âíå îïàñíîñòè}) 56. Qxh6+ Ke7 57. d6+ $1 Ke6 58. Ne4+ Kd7 {
Âîò øàõè è çàêîí÷èëèñü.} 59. Nf2 Qg1+ 60. Kh3 Rcc8 $1 {, è ìîæíî ñäàâàòüñÿ.})
51. Qf6 $1 $11 Rbc8 (51... Rc1 52. Qxf7+ Kh8 53. Qf6+) 52. Rd2 (52. Rg2) 52...
Rc1 {À òåïåðü ýòî - åäèíñòâåííûé íå ïðîèãðûâàþùèé õîä!} ({«Ðåøàþùàÿ» àòàêà
} 52... Rc2 $2 {îòáèâàåòñÿ ñëåäóþùèì îáðàçîì:} 53. Qxf7+ Kh8 54. Qf6+ Kh7 55.
Qf5+) 53. Qxf7+ Kh8 54. Qf6+ Kh7 55. Qf5+ Kh8 56. Qxe5+ Kh7 57. Qe7+ Kg8 58.
Qf7+ Kh8 59. Qf6+ 1/2-1/2

[Event "Montreal International Tournament Empre"]
[Site "Montreal"]
[Date "2007.07.20"]
[Round "2"]
[White "Kamsky, Gata"]
[Black "Miton, Kamil"]
[Result "1-0"]
[WhiteElo "2718"]
[BlackElo "2648"]
[Annotator "Ëåáåäåâ Âàñèëèé"]
[PlyCount "85"]
[EventDate "2007.07.20"]
[Source "MonRoi"]

1. e4 c6 2. d4 d5 3. exd5 cxd5 4. c4 Nf6 5. Nc3 e6 6. Nf3 Bb4 7. Bd3 dxc4 8.
Bxc4 O-O 9. O-O a6 10. a4 Nc6 11. Bg5 Be7 12. Re1 Bd7 13. Qe2 Nd5 14. Bxd5 $146
(14. Bxe7 Ncxe7 (14... Ndxe7 15. Rad1 Nb4 16. Ne5 Nbd5 17. Nxd5 Nxd5 18. Bxd5
exd5 19. b3 Bf5 20. Qd2 f6 21. Nd3 Bxd3 22. Qxd3 Qd7 23. Re3 Rfe8 24. Rde1 Rxe3
25. Rxe3 Re8 26. Rxe8+ Qxe8 27. Kf1 Qc8 28. Ke2 Qe6+ 29. Kf1 Qc8 30. Ke2 Qe6+
31. Kf1 Qc8 {1/2 Yanofsky,D-Golombek,H/Karlovy Vary 1948}) 15. Bxd5 Nxd5 16.
Nxd5 exd5 17. Ne5 f6 (17... Bf5 18. Qf3 Be4 19. Qb3 Qd6 20. Rac1 Bf5 21. Qxb7
Rab8 22. Qc6 Qb4 23. Qxd5 Be6 24. Qf3 Qxb2 25. d5 Bc8 26. Nc6 Rb3 27. Ne7+ Kh8
28. Qxf7 {1-0 Lukacs,P (2485)-Pavasovic,D (2320)/Budapest 1994}) (17... Rc8 18.
Qf3 Be6 19. Qb3 Rc7 20. Rac1 Qd6 21. Rxc7 Qxc7 22. h3 Rc8 23. Nd3 Qc4 24. Qxb7
Rf8 25. Re3 Qxa4 26. Qb4 Qxb4 27. Nxb4 Rb8 28. Nxa6 Rxb2 29. Nc7 Rd2 30. Nxd5
Rxd4 31. Nc3 g5 32. Ne2 Rb4 33. f4 h6 34. fxg5 hxg5 35. Re5 g4 36. hxg4 Bxg4
37. Kf2 Kg7 38. Kg3 Kf6 39. Re3 Kg5 40. Ng1 f5 41. Nf3+ Kh5 42. Re5 Kg6 43. Rc5
Bxf3 {1/2 Sundararajan,K (2446) - Harikrishna,P (2570)/Calicut 2003}) 18. Nd3
Re8 19. Qd2 {1/2 Gelfand,B (2703)-Dreev,A (2683)/Wijk aan Zee 2002}) (14. Bd2
Bf6 15. Nxd5 exd5 16. Bxd5 Nxd4 17. Nxd4 Bxd4 18. Bb4 Qg5 19. Bxb7 Rae8 20. Be7
Qf5 21. Qd2 Be5 22. Bxf8 Kxf8 23. Bxa6 Re6 24. Bb5 Bxb5 25. axb5 g5 26. b6 Kg7
27. Ra5 f6 28. Qd7+ Kh6 29. Kf1 Qg4 30. Ra4 Qf5 31. Ra7 g4 32. Qg7+ Kh5 33.
Qxh7+ Qxh7 34. Rxh7+ Kg6 35. Rb7 Rc6 36. Rb1 Rc2 37. Rd7 Rc6 38. b7 Rb6 39. b4
Kf5 40. b5 Ke6 41. Rg7 f5 42. Rh7 Kd5 43. h3 g3 44. fxg3 Bxg3 45. Ke2 Be5 {
1-0 Rajkovic,D (2495)-Djuric,S (2440)/Kladovo 1980/EXT 2000}) (14. h4 Nxc3 (
14... h6 15. Nxd5 exd5 16. Bxe7 Nxe7 17. Bxa6 Ng6 18. Bxb7 Rxa4 19. Bxd5 Nf4
20. Qe4 Nxd5 21. Qxd5 Rb4 22. Qc5 Rxb2 23. d5 Rb5 24. Qd4 Bc8 25. d6 Be6 26.
Red1 Qb6 27. Qe4 Rb2 28. Rd4 Rd8 29. Ne5 f5 30. Qf4 Re2 31. Ng6 Qc5 32. Rc1 Qa5
33. Ne7+ Kh7 34. Nc6 {1-0 Janev,E (2445) - Sargissian,G (2520)/Ubeda 2001}) 15.
bxc3 h6 16. Bxe7 Nxe7 17. Bd3 Nd5 18. Qe4 f5 19. Qe5 Nxc3 20. Bc4 Rf6 21. Rac1
Nxa4 22. Bb3 Nb6 23. Rc7 Kh8 24. Qd6 Bc6 25. Qxd8+ Rxd8 26. Ne5 Rxd4 27. Nxc6
bxc6 28. Rxe6 Rxe6 29. Bxe6 Rd6 30. Bxf5 g6 31. Be4 Nd5 32. Ra7 c5 {
(1/2 Hodgson,J (2535)-Zilberman,Y (2490)/London 1992).}) 14... Bxg5 15. Be4 Bf6
16. Rad1 (16. d5 $5) 16... Re8 17. Ne5 (17. d5 $5) 17... Qe7 (17... Re7 $1) 18.
Nxd7 Qxd7 19. d5 Nd4 ({Ïîñëå} 19... exd5 20. Nxd5 {÷¸ðíûì ïðåäñòîÿëà òðóäíàÿ
çàäà÷à: óáåäèòü ñàìèõ æå ñåáÿ, ÷òî ëó÷øèì â äàííîì ïîëîæåíèè ÿâëÿåòñÿ õîä}
Qd6 $1 21. Nb6 $140 $6 ({íî} 21. Qd3 $142 $5) 21... Nd4 22. Rxd4 Qxb6) 20. Qg4
g6 21. Bb1 ({Ìîæåò áûòü ñëîí áåëûõ íåïëîõî ÷óâñòâîâàë áû ñåáÿ è íà áîëüøîé
äèàãîíàëè? Íàïðèìåð, ïîñëå} 21. g3 Bg7 22. Bg2 {è ò.ä.}) 21... Nf5 $2 {
Êàê áû íå ïðîèãðûâàþùàÿ îïëîøíîñòü!} ({Ñëåäîâàëî âêëþ÷èòü ïðîìåæóòî÷íîå} 
21... h5 $1 $13) 22. dxe6 Rxe6 {
Êðàñèâàÿ «ñïåêóëÿöèÿ» íà ñëàáîñòè ïåðâîé ãîðèçîíòàëè.} 23. Ne4 $6 ({
Êîíå÷íî, îò ãðîññìåéñòåðà íå æäóò çäåñü} 23. Rxd7 $4 Rxe1# $1) ({
Íî òàê êàê õîä â ïàðòèè - íå ëó÷øèé, òî ïðåäëàãàåòñÿ} 23. Rf1 $1 Nd4 $140 (
23... Nd6 24. Bf5) (23... Qc7 24. Nd5) 24. Bf5 $1 {Âûèãðûâàÿ êà÷åñòâà, à
òåõíèêè ó Ãàòû âñåãäà áûëî ñòîëüêî, ÷òî îí ìîæåò åþ ïîäåëèòüñÿ íå ñ îäíèì
äåñÿòêîâ øàõìàòèñòîâ.}) 23... Bd4 24. Ba2 Re7 25. Ng5 {
Íàïðÿæåíèå äîñòèãëî âûñøåé òî÷êè... Ñêîðî ïðîèçîéä¸ò ðàçðÿä...} Qxa4 26. Qh3
$4 {Âîò ýòî äà!} ({Òîëüêî} 26. Rxe7 {
îñòàâëÿëî áåëûì õîòü êàêèå-òî øàíñû íà... íè÷üþ! È äàëåå} Bxf2+ $1 (26...
Nxe7 27. Bxf7+) 27. Kxf2 Qxg4 28. Rxf7 $1 Qa4 $1 ({ÿñíî, ÷òî íåëüçÿ} 28...
Qxd1 29. Rd7+) 29. Be6 Qf4+ 30. Kg1 Qe3+ 31. Kf1 Qxe6 $1 32. Nxe6 Kxf7 33. Ng5+
Ke7 34. Re1+ Kd6 {è ò.ä.}) 26... h6 $4 ({Ïîñëå ïðîñòîãî} 26... Rxe1+ 27. Rxe1
Qxa2 {â ðàñïîðÿæåíèè áåëûõ áûëî íå áîëüøå äâóõ áåçâðåäíûõ øàõîâ.}) 27. Bxf7+
Rxf7 $2 {Òåïåðü ó áåëûõ îïÿòü ïåðåâåñ!} ({Ïðàâèëüíî áûëî} 27... Kg7 $1 28. Bxg6
$1 (28. Bb3 Rxe1+ 29. Rxe1 Bxf2+ $1 {- âñ¸ ìåíÿþùèé òàêòè÷åñêèé íþàíñ.} 30.
Kh1 Qc6 31. Ne6+ Kh7 $15 {, åñëè íå áîëüøå}) (28. Rxe7 $4 Qxd1+) 28... Rxe1+ $1
({ñëàáåå} 28... Kxg6 29. g4 $1) 29. Rxe1 Qb4 $1 30. Nf3 Kxg6 31. Qg4+ Kf6 32.
Qe4 Bxf2+ $1 {Íå òîëüêî êðàñèâî, íî è ñèëüíî!} ({ïðèìåðíî ê òîìó æå âåä¸ò è} 
32... Qc5 33. b4 $1 Bxf2+ 34. Kf1 Qb6 35. Ne5 Qd4 36. Ng4+ Kg5 37. Nxf2 Qxe4
38. Nxe4+ Kg6 {è ò.ä.}) ({à âîò â ñëó÷àå} 32... Qxb2 {
íå âñ¸ ïðîáëåìû ÷¸ðíûõ îêàçûâàþòñÿ ïðåîäîë¸ííûìè:} 33. Nxd4 Qxd4 34. Qe6+ Kg7
({íà} 34... Kg5 {åñòü} 35. h4+ $3 Qxh4 36. Re4 Qh5 37. g4 {
, è íàäî îòäàâàòü ôåðçÿ:} Qxg4+ 38. Rxg4+ Kxg4 39. Qe4+ Kg5 {
Õîòÿ ïîëîæåíèå ïîñëå} 40. Qxb7 Rd8 41. Qxa6 Rd4 {
âåñüìà ïîõîæå íà íè÷åéíîå - èáî êðåïîñòü!}) 35. Qxf5 Re8 $3 36. Rc1 Re7 {
- áîðüáà îñòðàÿ, èñõîä å¸ - íåÿñíûé...}) 33. Kxf2 Qxe4 34. Rxe4 Rc8 {È òàê êàê 
ÿ íå ìîãó çäåñü îòäàòü ïðåäïî÷òåíèÿ íè îäíîé èç ñòîðîí, òî ñîîðóæàþ
ñëåäóþùóþ «ðûáó» -} 35. Rf4 Ke6 36. Re4+ Kf6 37. Rf4 Kg6 38. Rg4+ Kf6 39.
Rf4) 28. Nxf7 Kxf7 29. g4 $1 $16 Nd6 ({Èäåÿ} 29... Rd8 30. gxf5 Bxf2+ {
íå ïðîõîäèò ââèäó} 31. Kg2 $1 (31. Kxf2 $2 Qc2+ 32. Kf3 {
(âñ¸ îñòàëüíîå - õóæå!)} Rxd1 ({âîçìîæíî è} 32... Qc6+ {
ñ ðàçìàøèñòûì âå÷íûì øàõîì, íî ýòî «ñêó÷íî»>}) 33. fxg6+ Kg7 $8 ({â ñëó÷àå
} 33... Kxg6 {«ìàøèíêà» âûäà¸ò ìàò:} 34. Qg4+ Kf6 35. Qh4+ Kf5 36. Qf4+ Kg6
37. Re6+ {è ò.ä.}) 34. Re7+ $8 Kf8 $8 35. Re3 $8 Qc6+ (35... Kg7 36. Re7+ Kf8 {
è ò.ä.}) 36. Ke2 Qc2+ 37. Kf3 Qc6+)) 30. Qf3+ Kg7 31. Qf4 {«Ñ ìîëîä¸æüþ - â
ýíäøïèëü», - ïîäóìàë óìóäð¸ííûé ãîäàìè Ãàòà Êàìñêèé... :) È ëåãêî ðåàëèçîâàë
äîáûòîå ïðåèìóùåñòâî.} Bxf2+ 32. Qxf2 Qxg4+ 33. Qg3 (33. Qg2 Qxg2+ 34. Kxg2 Nf5
35. Rd7+ Kf6 36. Rxb7) 33... Qxg3+ 34. hxg3 Nf5 35. g4 Nh4 {
Ñ òàêèì ïèíàåìûì êîí¸ì ÷¸ðíûì íå óäåðæàòüñÿ.} 36. Re6 Kf7 37. Rb6 Nf3+ 38. Kg2
Ne5 39. Kg3 Rb8 40. Rd5 Nc6 41. Rd6 Ne7 42. Rd7 h5 43. g5 {
È ïîëüñêèé ãðîññìåéñòåð ïðåêðàòèë äàëüíåéøåå èçäåâàòåëüñòâî íàä ñîáîé.} 1-0

[Event "Montreal International Tournament Empre"]
[Site "Montreal"]
[Date "2007.07.20"]
[Round "2"]
[White "Short, Nigel"]
[Black "Harikrishna, Pentala"]
[Result "0-1"]
[WhiteElo "2683"]
[BlackElo "2664"]
[Annotator "Âàñèëèé Ëåáåäåâ"]
[PlyCount "38"]
[EventDate "2007.07.20"]
[Source "MonRoi"]

{Ñëåäóþùàÿ ïàðòèÿ ñëîâåñíûõ êîììåíòàðèåâ ïðàêòè÷åñêè íå òðåáóåò. Ýòî áûë
ÿâíî íå äåíü Íàéäæåëà Øîðòà, êîòîðûé, âèäèìî, çàõîòåë ñäåëàòü íè÷üþ ïîñëå
â÷åðàøíåãî ïîðàæåíèÿ...} 1. e4 e5 2. Nf3 Nf6 3. Nxe5 d6 4. Nf3 Nxe4 5. d3 Nf6
6. d4 d5 7. Bd3 Bd6 8. O-O O-O 9. h3 h6 10. Nc3 c6 ({Âñïîìíèì äåäóøåê:} 10...
Nc6 11. Be3 Nb4 12. a3 Nxd3 13. Qxd3 Be6 14. Nh2 Qd7 15. g4 Nh7 16. f4 f5 17.
Qe2 Rae8 18. Rae1 g6 19. Qg2 c6 20. Nb1 Kh8 21. Nd2 Qc7 22. Qg3 g5 23. Qg2 gxf4
24. Bf2 fxg4 25. Nxg4 Rg8 26. Re2 h5 27. Rfe1 Qd7 {
(0-1 Meitner,P - Paulsen,L/Vienna 1873).}) 11. Re1 Re8 12. Rxe8+ Nxe8 $146 (
12... Qxe8 13. Be3 Be6 14. Qd2 Nbd7 15. Re1 {
(1/2 Belikov,V (2470) - Legky,N (2505)/Russia 1995).}) 13. Ne5 Nd7 14. Bf4 Nf8
15. Qh5 Be6 16. Re1 $2 (16. Ne2 $142) ({èëè} 16. Bd2) 16... f6 17. Ng6 Bf7 18.
Bxd6 Nxd6 19. g4 $4 {Óæàñ!} ({È ïîñëå ëó÷øåãî} 19. Qg4 f5 $1 {
÷¸ðíûå ïåðåõîäÿò â ýíäøïèëü ñ ëèøíèì ìàòåðèàëîì:} 20. Bxf5 Nxf5 21. Nxf8 Qg5
$1 22. Ne6 (22. Qxg5 hxg5 23. Nd7 Nxd4 {è ò.ä.}) 22... Bxe6 23. Rxe6 Qxg4 ({èëè
} 23... Kf7 24. Qxg5 hxg5 25. Re2 Nxd4 26. Rd2 Ne6 {è ò.ä.}) 24. hxg4 Nxd4 25.
Re7 Rb8 {è ò.ä.}) {Òåïåðü æå...} 19... Ne4 {Áåç ôèãóðû...} 0-1

[Event "Montreal International Tournament Empre"]
[Site "Montreal"]
[Date "2007.07.20"]
[Round "2"]
[White "Sutovsky, Emil"]
[Black "Tiviakov, Sergey"]
[Result "0-1"]
[WhiteElo "2656"]
[BlackElo "2648"]
[Annotator "Ëåáåäåâ Âàñèëèé"]
[PlyCount "98"]
[EventDate "2007.07.20"]
[Source "MonRoi"]

1. e4 c5 2. Nf3 Nc6 3. Bb5 d6 4. O-O Bd7 5. Re1 Nf6 6. c3 a6 7. Bf1 Bg4 8. d3
e6 9. h3 Bxf3 10. Qxf3 Be7 11. Qd1 O-O 12. a4 Rb8 13. g3 b5 14. axb5 axb5 15.
Bg2 b4 16. Bf4 Nd7 17. Be3 Nb6 18. Nd2 Qd7 19. Qc2 Rfc8 20. c4 Bf6 21. Nb3 Nd4
22. Bxd4 Bxd4 23. Nxd4 cxd4 24. Qb3 Qe7 25. e5 Nd7 26. Ra7 Qd8 27. exd6 Nc5 28.
Qd1 Qb6 29. Ra1 Qxd6 30. f4 Re8 31. Qf3 Rbc8 32. Kh2 g6 33. Ra5 Kg7 34. Rb5 b3
35. Qe2 Re7 36. Bf1 f6 37. Qd2 e5 38. Bg2 Rce8 39. Qb4 $2 {
Ïî-ìîåìó, ïðîèãðûâàþùàÿ îøèáêà...} ({Îáû÷íî, ñòîðîíà, èìåþùàÿ ñëîíîâ
ñòðåìèòñÿ ê âñêðûòèþ ïîçèöèè. Íî ñåé÷àñ ïåðåä íàìè - èñêëþ÷åíèå èç îáùåãî
ïðàâèëà.} 39. f5 $1 {
Äà çäðàâñòâóåò çàêóïîðêà! È òåïåðü óæå Qb4 ãðîçèò âñåðü¸ç, «ïî-âçðîñëîìó»..}
e4 40. dxe4 gxf5 41. Qf4 Qxf4 42. gxf4 Rc7 43. e5 fxe5 44. fxe5 Nd3 45. Rg1 $1
{Òîíêîñòü, êîòîðàÿ ñïàñàåò (ÈÌÕÎ).} Kh8 46. Rd1 $1 Nxb2 47. Rxd4 Nxc4 48. Rxb3
Nxe5 {Äà, áåç ïåøêè, íî âñ¸ äåéñòâî áóäåò ïðîèñõîäèò íà îäíîì ôëàíãå, çíà÷èò,
åñòü øàíñ îòáèòüñÿ.} ({íî òîëüêî íå} 48... Rxe5 $4 49. Rc3 Rec5 50. Rd5 $1 $18
{, è ñâÿçêà îêàçûâàåòñÿ ñìåðòåëüíîé. Íàïðèìåð,} Kg7 51. Rxc5 Rxc5 52. Bf1) 49.
Rf4 Rf7) 39... exf4 40. Rxe7+ Rxe7 ({Ñëàáåå} 40... Qxe7 $2 41. Rxc5 ({íî íå} 
41. Qxc5 $4 fxg3+ 42. Kxg3 Qe3+ 43. Kh2 Qf4+ 44. Kg1 Re1+) 41... fxg3+ 42. Kxg3
Qe3+ 43. Kh2 Qf4+ 44. Kh1 (44. Kg1 Re2 $19) 44... Re2 45. Ra5 $1 Qf2 $140 46.
Qb7+ Kh6 47. Ra1 {È, êàê ìû âèäèì, ÷¸ðíûì íàäî îáúÿâëÿòü âå÷íûé øàõ:} Re1+
48. Rxe1 Qxe1+ 49. Kh2 Qe5+ {è ò.ä.}) 41. Rxc5 fxg3+ 42. Kh1 (42. Kg1 Qf4 {
, è ìàòà íå èçáåæàòü}) 42... Ra7 ({Òî÷íåå} 42... Re2 $1 43. Bf3 $140 Qe6 $1
$19) 43. Be4 ({Âåñü ôðàãìåíò áûë çàòåÿí ðàäè õîäà, âîçìîæíîãî ïîñëå} 43. Bf3
Qf4 44. Kg2 {, è òåïåðü âûèãðûâàåò äàæå  íî íå} Re7 ({íî ïðîùå è ñèëüíåå} 44...
Ra2) ({èëè} 44... Qe3 45. Kxg3 Qg1+ 46. Kf4 Re7) 45. Rf5 $1 {
(âîò îí, èç-çà êîòîðîãî...)} Qe3 46. Be4 Rxe4 $1 47. dxe4 gxf5 48. Qe7+ Kg6 $1
(48... Kg8 49. Qe8+ Kg7 50. Qe7+) 49. exf5+ ({ïîñëå} 49. Qe8+ {
êîðîëü óõîäèò îò ïîãîíè:} Kg5 50. Qg8+ Kf4 51. Qb8+ Kxe4 52. Qb7+ Kd3 53. Qxb3+
Kd2 $19) 49... Kg5 $1 ({ñëàáî} 49... Kxf5 50. Qxh7+ {è ÷¸ðíûì óæå íåëüçÿ
ïåðåõîäèòü â «ïåøå÷íèê», òàê êàê ó ïðîòèâíèêà îñòàþòñÿ óæ ñëèøêîì äàëåêî
ðàñïîëîæåííûå äðóã îò äðóãà ïðîõîäíûå}) 50. Qxe3+ ({èëè} 50. h4+ Kf4 $1 ({ïîñëå
} 50... Kxh4 {íà÷èíàþòñÿ øàõè:} 51. Qxf6+ {, ñ÷èòàòü êîòîðûå «íåîõîòà»})
51. Qc7+ Qe5 52. Qxe5+ Kxe5 53. Kxg3 Kxf5 $19) 50... dxe3 51. Kxg3 Kxf5 52. Kf3
e2 53. Kxe2 Ke4 $19 {Íàïðèìåð,} 54. c5 Kd5 55. Kd3 f5 $1 $19 ({íî íå} 55...
Kxc5 $2 56. Kc3 f5 57. Kxb3 $11)) 43... f5 ({«Èìïóëüñèâíîå»} 43... Ra1+ $2 {
âûèãðûøà íå äà¸ò:} 44. Kg2 Qf4 45. Rf5 $3 gxf5 46. Qe7+ Kg6 47. Qe8+ Kg5 48.
Qg8+ {- âå÷íûé øàõ!}) 44. Bc6 Ra1+ 45. Kg2 Qf4 46. Rxf5 {
Òåïåðü ýòîò õîä êàæåòñÿ êàðèêàòóðíûì...} Qxf5 47. Qe7+ Qf7 48. Qe5+ Qf6 49.
Qc7+ Kh6 ({«Äîáèâàþùèå» âàðèàíòû ëåãêî ïîíÿòíû:} 49... Kh6 50. Bf3 (50. Qxg3
Qxc6+ 51. Qf3 Rg1+) 50... Rg1+ $1 51. Kxg1 Qxf3) 0-1

[Event "Montreal International Tournament Empre"]
[Site "Montreal"]
[Date "2007.07.20"]
[Round "2"]
[White "Charbonneau, Pascal"]
[Black "Ivanchuk, Vassily"]
[Result "1/2-1/2"]
[WhiteElo "2503"]
[BlackElo "2762"]
[Annotator "Ëåáåäåâ Âàñèëèé"]
[PlyCount "34"]
[EventDate "2007.07.20"]
[Source "MonRoi"]

{Åñòü ëè åù¸ äåáþòíûå òðîïû, íà êîòîðûå íå ñòóïàëà íîãà Âàñèëèé Èâàí÷óêà?
Ïðèø¸ë ÷åð¸ä è çàùèòû äâóõ êîíåé.} 1. e4 e5 2. Nf3 Nc6 3. Bc4 Nf6 4. Ng5 d5 5.
exd5 Na5 6. Bb5+ c6 7. dxc6 bxc6 8. Be2 h6 9. Nf3 e4 10. Ne5 Bc5 11. O-O O-O
12. Kh1 Re8 13. f4 exf3 14. Nxf3 {Ìîë÷àíèå êîììåíòàòîðà îáúÿñíÿåòñÿ òåì, ÷òî
âñ¸ ýòîò - ïîâòîð óæå ñûãðàííîé ïàðòèè.} Ng4 $146 (14... Qe7 15. Nc3 Ng4 16. d4
Bd6 17. h3 Nf6 18. Bd3 Nh5 19. Re1 Be6 20. Ne4 Bc7 21. Ne5 Qh4 22. Bxh6 Bxh3
23. Bg5 Bxg2+ 24. Kxg2 Nf4+ 25. Bxf4 Qxf4 26. Qf3 Bxe5 27. dxe5 Qxe5 28. b4 Nb7
29. Rf1 Re7 30. Qf5 Qd4 31. Rae1 g6 32. Qf6 Qxf6 33. Nxf6+ Kf8 34. Nh7+ Ke8 35.
Bxg6 Nd6 36. Rxe7+ Kxe7 37. Re1+ Kd8 38. Bd3 Rb8 39. c3 Ne8 40. Ng5 Rb7 41. Ne4
Re7 42. Rf1 Kc7 43. Nf6 Nd6 44. Rf4 Re6 45. Kf2 Kd8 46. Ne4 Nb5 47. a4 Nc7 48.
Rxf7 a6 49. Nf6 Rd6 50. Bf5 Nd5 51. Nxd5 Rxd5 52. Rd7+ Rxd7 53. Bxd7 Kxd7 54.
Ke3 Kc7 55. Kd4 Kb7 56. Kd3 Kc7 57. Kc4 Kd6 {
(1-0 Rasmussen,P - Lilja,R (2170)/Copenhagen 1996).}) 15. d4 Bd6 16. h3 (16.
Nc3 Nxh2 $19) (16. g3 Nf6 17. Nc3 Bh3 18. Re1 Qc7 $36) 16... Bg3 17. Kg1 ({
Ïîïðîáóåì ñêóøàòü êîíèêà, è ïîñìîòðåòü, ÷òî èç ýòîãî âûéäåò:} 17. hxg4 Bxg4
18. Kg1 ({ïîçèöèþ ïîñëå} 18. Nbd2 Qd5 19. Kg1 Qh5 20. c3 Re3 $1 {
ìû åù¸ ðàññìîòðèì}) 18... Qd5 19. Bd3 (19. Nbd2 Qh5 20. c3 Re3 $1 {
È îáåùàííûé ðàçáîð ïîçèöèè:} 21. Ba6 $1 Rae8 22. Qc2 $8 Bxf3 (22... Bf5 23. Qd1
g5 24. Rf2) 23. Nxf3 R3e4 24. Qd3 ({ëþáîïûòíî} 24. Bc8 {
, íî òîëüêî ïîïåðâîíà÷àëó:} f5 25. Bxf5 Qxf5 26. Be3 $1 (26. b4 Qg4 $19) 26...
Qg4 27. Bf2 Re2 28. Qa4 R8e3 $1 29. Qd1 Rxb2 30. Rb1 (30. Bxe3 $4 Bh2+ $1)
30... Rxa2 31. Ra1 Bxf2+ 32. Rxf2 Rxa1 33. Qxa1 Nb3 {
, è, êàê ìû âèäèì, ó ÷¸ðíûõ ïî-ïðåæíåìó ïåðåâåñ, íàïðèìåð:} 34. Qb2 Qe6 35.
Ne5 c5 $1 36. Rf8+ $1 Kxf8 37. Qf2+ Kg8 38. Qxe3 cxd4 39. cxd4 Qd5 {è ò.ä.})
24... Rh4 25. Nxh4 Qxh4 26. Qxg3 Qxg3 27. Bf4 $13) (19. Nc3 $6 Qh5 20. Rf2 Rad8
$19) 19... Qh5 20. Nbd2 (20. Qd2) 20... Re3 21. Ne4 $5 (21. Rf2 Bh2+ 22. Kf1
Bg3 23. Kg1) 21... Rxe4 $1 22. Bxe4 Re8 23. Be3 $1 (23. Bd3 Bxf3 $19) 23...
Rxe4 24. Qd3 Bxf3 25. Rxf3 Rh4 26. Kf1 (26. Rxg3 Rh1+ 27. Kf2 Rxa1 $13) 26...
Rh1+ 27. Bg1 Qh2 28. Qe3 Nc4 29. Qe8+ Kh7 30. Qe4+ {
Êàê ìû âèäèì, ÷¸ðíûå «íè÷åì íå ðèñêîâàëè» :)}) 17... Qe7 ({
À âîò çäåñü, ïî ìîåìó, ÷¸ðíûå ìîãëè ïðîäîëæàòü èãðó:} 17... Qe7 18. Bd3 Ne3 19.
Bxe3 Qxe3+ 20. Kh1 c5 $1 {Íî ïîñëåäîâàëî ñîãëàøåíèå íà íè÷üþ.}) 1/2-1/2